| 000 | 00608nam a2200193 a 4500 | ||
|---|---|---|---|
| 005 | 20241030063733.0 | ||
| 008 | 030922s1978 mx r 000 0 spa d | ||
| 020 | _a8429415564 | ||
| 035 | _aUPN01000129031 | ||
| 049 | _aCG | ||
| 050 | 4 |
_aLB1027 _bM6.37 |
|
| 100 | 1 | _aMorine, Harold | |
| 245 | 1 | 3 |
_aEl descubrimiento un desafío a los profesores / _cHarold, Greta Morine ; tr. Cecilia Belmonte Martínez |
| 260 |
_aMadrid : _bSantillana, _c1978. |
||
| 300 | _a305 p. | ||
| 650 | 4 |
_aEducación _xFines y objetivos _94837 |
|
| 650 | 2 |
_aMaestros _xFormacion profesional _xInvestigación _9792 |
|
| 905 | _aLibro | ||
| 999 |
_c101204 _d101204 |
||